书目信息 |
| 书名: | Inheriting the revolution | |
| 作者: | Joyce Appleby. | |
| 分册号: | ||
| 分册名: | 出版地: | Cambridge, Mass. : |
|
| 出版社: | Belknap Press of Harvard University Press | |
| 出版时间: | c2000. | |
| 页数: | viii, 322 p. : | |
| 开本: | 25 cm. | |
| 丛书名: | ||
| 中图分类号: | ||
| 科图分类号: | ||
| 其他分类号: | K712.4 | |
| 主题词: | ||
| 电子资源: | ||
| 000 | 01164cam 2200313 a 4500 | |
| 001 | E0730044625 | |
| 005 | 20070519091903.09 | |
| 008 | 991001s2000 maua b 001 0 eng | |
| 010 | @a 99049787 | |
| 020 | @a0674006631 (pbk.). | |
| 020 | @a0674002369 (cloth : alk. paper). | |
| 040 | @aDLC@cDLC@dDLC | |
| 043 | @an-us--- | |
| 050 | 00 | @aE301@b.A65 2000 |
| 082 | 00 | @a973 @2 21 |
| 090 | @aK712.4 | |
| 092 | @aCN@b社-525@aCN@b历史-47@aCN@b政-43 | |
| 093 | @aK712.4 @2 4 | |
| 099 | @dK712.4@e26 | |
| 100 | 1 | @aAppleby, Joyce Oldham. |
| 245 | 10 | @aInheriting the revolution :@bthe first generation of Americans / @cJoyce Appleby. |
| 260 | @aCambridge, Mass. :@bBelknap Press of Harvard University Press,@cc2000. | |
| 300 | @aviii, 322 p. :@bill. ;@c25 cm. | |
| 500 | @a"First Harvard University Press paperback edition, 2001" -- T.p. verso. | |
| 504 | @aIncludes bibliographical references (p. [269]-311) and index. | |
| 651 | 0 | @aUnited States@xHistory@y1783-1865. |
| 651 | 0 | @aUnited States@xSocial conditions@yTo 1865. |
| 651 | 0 | @aUnited States@xHistory@yRevolution, 1775-1783@xInfluence. |
| 920 | @a232010@z2 | |
| Inheriting the revolution : : the first generation of Americans / / Joyce Appleby.-Cambridge, Mass. : : Belknap Press of Harvard University Press, , c2000. |
| viii, 322 p. : : ill. ; ; 25 cm. |
| "First Harvard University Press paperback edition, 2001" -- T.p. verso.-Includes bibliographical references (p. [269]-311) and index. |
| ISBN 0674006631 (pbk.). |
| ● |
| 相关链接 |
|
|
|
|
正题名:Inheriting the revolution
索取号:K712.4/26
 
预约/预借
| 序号 | 登录号 | 条形码 | 馆藏地/架位号 | 状态 | 备注 |
| 1 | 0006513 | 300065131 | 第二样本阅览室/ [索取号:K712.4/26] | 在馆 | |
| 2 | 0006514 | 300065140 | 第四借阅区/ [索取号:K712.4/26] | 在馆 | |
| 3 | 0006515 | 300065159 | 第四借阅区/ [索取号:K712.4/26] | 在馆 |